Analysis of public systems

Αποθηκεύτηκε σε:
Λεπτομέρειες βιβλιογραφικής εγγραφής
Κύριος συγγραφέας: Drake, Alvin W.
Άλλοι συγγραφείς: Keeney, Ralph L. 1944-, Morse, Philip McCord 1903-
Μορφή: Βιβλίο
Γλώσσα:English
Δημοσίευση: [Cambridge : M.I.T. Press, 1972]
Θέματα:
Ετικέτες: Προσθήκη ετικέτας
Δεν υπάρχουν, Καταχωρήστε ετικέτα πρώτοι!

MARC

LEADER 00000cam a2200000 i 4500
001 1/25863
008 950830s1972 eng d
020 |a 0262040387 
035 |l 10022564 
040 |a GR-MY-UA  |b gre  |e aacr 
041 0 |a eng 
082 0 |a 350.000973 
100 1 |a Drake, Alvin W. 
245 1 0 |a Analysis of public systems /  |c edited by Alvin W. Drake, Ralph L. Keeney [and] Philip M. Morse 
260 |a [Cambridge :   |b M.I.T. Press,   |c 1972] 
300 |a x, 532 p.;  |c 23 cm. 
504 |a Includes bibliographical references 
650 0 0 |a Operations research. 
650 0 0 |a Public administration. 
650 0 0 |a Municipal services  |z United States. 
650 0 0 |a Speeches, addresses, etc. 
700 1 |a Keeney, Ralph L.  |d 1944- 
700 1 |a Morse, Philip McCord  |d 1903- 
852 |a INST  |b CHIOS  |e 19950830  |h 350.000973 DRA  |p 005200001798  |q 005200001798  |t BK  |y 0 
909 |a Χ  |b 017161